| 000 | 00496cam a22002171 4500 | ||
|---|---|---|---|
| 001 | sa 67004502 | ||
| 003 | DLC | ||
| 005 | 20260227112347.0 | ||
| 008 | 890620s1966 ii 000 1 hino | ||
| 010 | _asa 67004502 | ||
| 035 | _a(OCoLC)19900896 | ||
| 040 |
_aDLC _cWaU _dDLC |
||
| 042 | _apremarc | ||
| 050 | 0 | 0 |
_aPK2098.S49 _bJ5 |
| 100 | 1 |
_aSharma, Shri Ram, _d1909- |
|
| 245 | 1 | 0 | _aJharokhe. |
| 260 | _c[1966] | ||
| 300 |
_a268 p. _c19 cm. |
||
| 500 | _aIn Hindi. | ||
| 500 | _aA novel. | ||
| 999 |
_c74537 _d74537 |
||